00395nam a2200157Ia 4500008004100000082001000041100002600051245002400077260001600101300000800117365000600125520002900131630002400160650002900184730002400213100917s9999 xx 000 0 und d b46831 aUrsula Moray Williams aThe Three Toymakers bH. H.c1970 a128 b0 aबालविभाग aThe Three Toymakers aबालविभाग aThe Three Toymakers